00358nam a22001457a 450000500170000000800410001702000180005804100080007608200090008410000260009324500330011926000370015230000080018965000150019720160528114413.0160528b xxu||||| |||| 00| 0 eng d a81-8054-467-2 aeng b5770 aVarshey, R.L. & other aInternational Marketing Mgt. aNew DelhibSultan Chand & Sons,  a524 aManagement